• AIU
  • Tony Wilmot Memorial Library

Kitaabka Quduuska Ah. (Record no. 67806)

MARC details
000 -LEADER
fixed length control field 00866cam a2200265 i 4500
001 - CONTROL NUMBER
control field 17664184
003 - CONTROL NUMBER IDENTIFIER
control field OSt
005 - DATE AND TIME OF LATEST TRANSACTION
control field 20240102152016.0
008 - FIXED-LENGTH DATA ELEMENTS--GENERAL INFORMATION
fixed length control field 130319s2008 ke b 000 0 som
010 ## - LIBRARY OF CONGRESS CONTROL NUMBER
LC control number 2012313690
020 ## - INTERNATIONAL STANDARD BOOK NUMBER
International Standard Book Number 9789966481269
040 ## - CATALOGING SOURCE
Original cataloging agency DLC
Language of cataloging eng
Description conventions rda
Transcribing agency DLC
Modifying agency DLC
042 ## - AUTHENTICATION CODE
Authentication code pcc
-- lcode
050 00 - LIBRARY OF CONGRESS CALL NUMBER
Classification number BS325
Item number .S56 2008
130 0# - MAIN ENTRY--UNIFORM TITLE
Uniform title Bible.
Language of a work Somali.
Date of a work 2008.
9 (RLIN) 55790
245 10 - TITLE STATEMENT
Title Kitaabka Quduuska Ah.
260 ## - PUBLICATION, DISTRIBUTION, ETC. (IMPRINT)
Place of publication, distribution, etc Nairobi, Kenya :
Name of publisher, distributor, etc Bible Society of Kenya,
Date of publication, distribution, etc 2018.
300 ## - PHYSICAL DESCRIPTION
Extent 1224, 364, 8 pages :
Other physical details maps ;
Dimensions 22 cm
630 00 - SUBJECT ADDED ENTRY--UNIFORM TITLE
Uniform title Bible.
Language of a work Somali.
9 (RLIN) 55791
650 ## - SUBJECT ADDED ENTRY--TOPICAL TERM
Topical term or geographic name as entry element Somali language
Form subdivision Texts.
9 (RLIN) 55792
710 2# - ADDED ENTRY--CORPORATE NAME
Corporate name or jurisdiction name as entry element Bible Society of Kenya,
Relator term issuing body.
9 (RLIN) 55779
906 ## - LOCAL DATA ELEMENT F, LDF (RLIN)
a 7
b cbc
c origode
d 3
e ncip
f 20
g y-gencatlg
942 ## - ADDED ENTRY ELEMENTS (KOHA)
Source of classification or shelving scheme Library of Congress Classification
Koha item type Africana collection ( Reference)
Holdings
Withdrawn status Lost status Source of classification or shelving scheme Damaged status Not for loan Collection code Home library Current library Shelving location Date acquired Source of acquisition Cost, normal purchase price Total Checkouts Full call number Barcode Date last seen Copy number Price effective from Koha item type
    Library of Congress Classification     Reference AIU/NEGST - Tony Wilmot Memorial Library AIU/NEGST - Tony Wilmot Memorial Library Reference 10/30/2023 Donation - Prof. Robert Priest 10.49   REF BS 325.S56 2008 T16887W3232 01/02/2024 1 01/02/2024 Africana collection ( Reference)